000 00214 a2200097 4500
001 48711
100 _aRafique Dogar
245 _aOperation Siachen
260 _aLondon
_bJang publishers
_c
090 _c31624
_d31624
942 _aNUST-CAE
_cM
_c24030
999 _c283784
_d283784